000 005340000a22001810004500
041 0 _aSPA
082 0 4 _aG 300 L494s
100 1 _aLefort, René
245 1 0 _aSudáfrica historia de una crisis / René Lefort; Aurelio Garzón del Camino, Traductor
260 _aMexico : Siglo Veintiuno
300 _a200 Pag
500 _aTitulo original : L'afrique du sud. historie d'une crise
001 9183
942 _cBK
999 _c39247
_d39247
336 _atexto
_btxt
_2rdacontent
337 _2rdamedia
_asin mediación
_bn
338 _2rdacarrier
_avolumen
_bnc